The land management implications of enhanced access (Record no. 63639)

MARC details
000 -LEADER
fixed length control field 00656cam a2200205 4500
001 - CONTROL NUMBER
control field ABS62385
008 - FIXED-LENGTH DATA ELEMENTS--GENERAL INFORMATION
fixed length control field 000000n2000 000 0 eng u
035 ## - SYSTEM CONTROL NUMBER
System control number (Sirsi) u106261
100 ## - MAIN ENTRY--PERSONAL NAME
Personal name Appleby, M.
245 #4 - TITLE STATEMENT
Title The land management implications of enhanced access
260 ## - PUBLICATION, DISTRIBUTION, ETC.
Date of publication, distribution, etc. 2000
490 ## - SERIES STATEMENT
Series statement Rural Practice Bulletin
Volume/sequential designation March/April 2000, 22(1)
520 ## - SUMMARY, ETC.
Summary, etc. Summarises RICS findings on members' views on the implications for land management of access to open country as proposed by government.
590 ## - LOCAL NOTE (RLIN)
Local note ABS
650 ## - SUBJECT ADDED ENTRY--TOPICAL TERM
Topical term or geographic name entry element ACCESS TO THE COUNTRYSIDE
650 ## - SUBJECT ADDED ENTRY--TOPICAL TERM
Topical term or geographic name entry element LAND MANAGEMENT
650 ## - SUBJECT ADDED ENTRY--TOPICAL TERM
Topical term or geographic name entry element RICS
690 ## - LOCAL SUBJECT ADDED ENTRY--TOPICAL TERM (OCLC, RLIN)
Topical term or geographic name as entry element Rural
9 (RLIN) 6268
942 ## - ADDED ENTRY ELEMENTS (KOHA)
Suppress in OPAC 0
Holdings
Withdrawn status Lost status Source of classification or shelving scheme Damaged status Not for loan Home library Current library Shelving location Date acquired Total Checkouts Full call number Barcode Date last seen Copy number Price effective from Koha item type
    Dewey Decimal Classification     London London Journal article 05/06/2000   ABS62385 106261-1001 06/08/2019 1 06/08/2019 Journal article